Statistics for Fill in the Blank - Cities

Click here to take the quiz!

General Stats

  • This quiz has been taken 389 times
    (350 since last reset)
  • The average score is 16 of 20

Answer Stats

Answer% Correct
{La} Paz
100%
Hong {Kong}
99%
{Los} Angeles
99%
{New} York City
99%
Washington {D}.{C}
99%
{Las} Vegas
98%
{Rio} {de} Janeiro
96%
{Saint} Petersburg
95%
{Buenos} Aires
92%
Tel {Aviv}
90%
Abu {Dhabi}
86%
Kuala {Lumpur}
86%
{Port} Moresby
78%
{Ho} Chi {Minh} City
75%
Addis {Ababa}
72%
Phnom {Penh}
69%
{Porto} Alegre
52%
Bandar Seri {Begawan}
44%
{Ciudad} Juarez
40%
Sri {Jayawardenapura} Kotte
23%

Score Distribution

Percentile by Number Answered

Percent of People with Each Score

Your Score History

You have not taken this quiz since the last reset